| Tag |
First Indicator |
Second Indicator |
Subfields |
| LEADER |
00000cam a2200000 i 4500 |
| 001 |
in00004006421 |
| 005 |
20181030095003.0 |
| 006 |
m o d f |
| 007 |
cr bn||||a|||| |
| 008 |
100809s2004 dcu o f000 0 eng c |
| 035 |
|
|
|a (OCoLC)ocn654600347
|
| 042 |
|
|
|a pcc
|
| 043 |
|
|
|a n-us---
|
| 040 |
|
|
|a OCLCE
|b eng
|e rda
|e pn
|c OCLCE
|d OCLCQ
|d OCLCF
|d OCLCO
|d OCLCQ
|d GPO
|d MvI
|
| 049 |
|
|
|a WWW
|
| 050 |
|
4 |
|a KF26
|b .E6 2002e
|
| 074 |
|
|
|a 1045-C (online)
|
| 086 |
0 |
|
|a Y 4.P 96/10:S.HRG.107-957
|
| 110 |
1 |
|
|a United States.
|b Congress.
|b Senate.
|b Committee on Environment and Public Works,
|e author.
|
| 245 |
1 |
0 |
|a First responders' program in fiscal year 2003 budget :
|b hearing before the Committee on Environment and Public Works, United States Senate, One Hundred Seventh Congress, second session on the budget for the programs of the Federal Emergency Management Agency to prepare first responders to natural and man-made disasters, March 12, 2002.
|
| 264 |
|
1 |
|a Washington :
|b U.S. Government Printing Office,
|c 2004.
|
| 300 |
|
|
|a 1 online resource (iii, 68 pages).
|
| 336 |
|
|
|a text
|b txt
|2 rdacontent
|
| 337 |
|
|
|a computer
|b c
|2 rdamedia
|
| 338 |
|
|
|a online resource
|b cr
|2 rdacarrier
|
| 490 |
1 |
|
|a S. hrg. ;
|v 107-957
|
| 588 |
|
|
|a Description based on online resource; title from PDF title screen (govinfo web site, viewed on July 23, 2018).
|
| 610 |
1 |
0 |
|a United States.
|b Federal Emergency Management Agency
|x Appropriations and expenditures.
|
| 650 |
|
0 |
|a Emergency management
|z United States
|x Finance.
|
| 655 |
|
7 |
|a Legislative hearings.
|2 lcgft
|
| 776 |
0 |
8 |
|i Print version:
|a United States. Congress. Senate. Committee on Environment and Public Works.
|t First responders' program in fiscal year 2003 budget
|w (DLC) 2004368005
|w (OCoLC)54369781
|
| 776 |
0 |
8 |
|i Microfiche version:
|a United States. Congress. Senate. Committee on Environment and Public Works.
|t First responders' program in fiscal year 2003 budget
|w (OCoLC)54798168
|
| 810 |
1 |
|
|a United States.
|b Congress.
|b Senate.
|t S. hrg. ;
|v 107-957.
|
| 856 |
4 |
0 |
|u https://purl.fdlp.gov/GPO/gpo106336
|t 0
|
| 999 |
f |
f |
|s 4e1b37d0-dbb7-3885-88f8-c1c194d8a739
|i 7ba14443-ce20-386e-b1f8-4b2f279abe52
|t 0
|
| 952 |
f |
f |
|a Texas A&M University
|b College Station
|c Electronic Resources
|d Available Online
|t 0
|e Y 4.P 96/10:S.HRG.107-957
|h Superintendent of Documents classification
|
| 998 |
f |
f |
|a Y 4.P 96/10:S.HRG.107-957
|t 0
|l Available Online
|